000 00794nam a2200181Ia 4500
008 090124s9999 xx 000 0 und d
082 _b47492
100 _aपांढरीपांडे विजय मनोहर
245 _a पाकिस्तानची राजकन्या बेनझीर भुत्तो
250 _a1
260 _c2008
300 _a108+01
600 _aपांढरीपांडे विजय मनोहर
630 _a पाकिस्तानची राजकन्या बेनझीर भुत्तो
700 _aपांढरीपांडे विजय मनोहर
730 _a पाकिस्तानची राजकन्या बेनझीर भुत्तो
942 _cBOOK
999 _c113803
_d113803